| 000 | 01097nam a22002657a 4500 | ||
|---|---|---|---|
| 999 |
_c3878 _d3878 |
||
| 003 | AR-CdUCM | ||
| 008 | 190307b ||||| |||| 00| 0 spa d | ||
| 020 | _a968166448 | ||
| 040 |
_aMUNICIPALIDAD PROVINCIAL DEL CUSCO _cBIBLIOTECA MUNICIPAL DEL CUSCO |
||
| 082 |
_22ed. _a299.792 / _bSE36 |
||
| 100 |
_aSéjourné, Laurette _96670 |
||
| 245 | _aPensamiento y religión en el México antiguo / | ||
| 260 |
_aMéxico : _bFondo de Cultura Económica, _c1957. |
||
| 300 |
_a218 páginas ; _bdibujos ; _c20.5 cm. |
||
| 440 |
_aLecturas mexicanas _n : 30 _912456 |
||
| 505 | _aContenido: El imperio Azteca -- La religión Nahuatl -- El lenguaje simbólico Nahuatl -- El panteón Nahuatl -- Los espíritus liberados -- Quetzalcoatl ... | ||
| 650 |
_aAztecas - Ritos y sacrificios _912457 |
||
| 650 |
_aReligión y mitología azteca _912458 |
||
| 650 |
_aNahuas - Religión y mitología _912459 |
||
| 650 |
_aLengua náhuatl - Escritura. _912460 |
||
| 650 |
_aMitología de México antiguo - Historia _912461 |
||
| 650 |
_aIndígenas - México _912462 |
||
| 942 |
_2ddc _cLIBROS |
||
| 945 | _alccs | ||